000 00536nam a22001817a 4500
008 171101s2016 sp||||| |||| 00| 0 spa d
082 0 4 _a708
_bV857a
100 1 _aViver, Javier.
_96079
245 1 0 _aAurelia immortal /
_cJavier Viver.
250 _a1a edición.
260 _aNavarra, España :
_bMuseo Universidad de Navarra,
_c2016.
300 _a2 folletos :
_bilustraciones en color.
653 1 0 _aArte contemporáneo
653 1 0 _aCatálogo de exhibición
653 1 0 _aExhibiciones
653 1 0 _aFotografía
653 1 0 _aDibujo
999 _c1342
_d1342